[Event "Mittelrhein Verbandsliga-S 18/19"]
[Site "Nordrheinwestfalen"]
[Date "2019.01.20"]
[Round "6.3"]
[White "Kroener, Alexander"]
[Black "Schott, Guido"]
[Result "1-0"]
[WhiteElo "1934"]
[BlackElo "2022"]
[PlyCount "73"]
[EventDate "2018.09.02"]
[EventType "team-tourn"]
[EventRounds "11"]
[EventCountry "GER"]
[SourceTitle "EXT 2022"]
[Source "ChessBase"]
[SourceDate "2021.10.06"]
[SourceVersion "1"]
[SourceVersionDate "2021.10.06"]
[SourceQuality "1"]
[WhiteTeam "Niederkassel II"]
[BlackTeam "Hennef"]
[WhiteTeamCountry "GER"]
[BlackTeamCountry "GER"]

1. e4 e5 2. Nf3 d6 3. d4 exd4 4. Qxd4 Nf6 5. Nc3 Be7 6. Bg5 a6 7. Bc4 Nc6 8. Qd3 0-0 9. 0-0-0 Bg4 10. Bb3 Na5 11. Qe3 Nxb3+ 12. axb3 Nd7 13. h4 Re8 14. Rd2 f6 15. Bf4 Bf8 16. Nh2 Be6 17. g4 Bf7 18. Qg3 Nc5 19. f3 Bxb3 20. cxb3 Nxb3+ 21. Kc2 Nxd2 22. Bxd2 c6 23. g5 b5 24. gxf6 Qxf6 25. Ng4 Qe6 26. Kb1 Kh8 27. Ne3 a5 28. Rg1 a4 29. Nf5 Ra7 30. Be3 c5 31. Nd5 a3 32. bxa3 g6 33. Bc1 Bg7 34. Nxg7 Kxg7 35. Bb2+ Kf7 36. Qf4+ Kg8 37. Nf6+ 1-0

[Event "Mittelrhein Verbandsliga-O 15/16"]
[Site "Nordrheinwestfalen"]
[Date "2015.10.18"]
[Round "3"]
[White "Kroener, Alexander"]
[Black "Raabe, Joachim"]
[Result "1/2-1/2"]
[WhiteElo "1918"]
[BlackElo "1824"]
[PlyCount "38"]
[EventDate "2015.09.06"]
[EventType "team-tourn"]
[EventRounds "11"]
[EventCountry "GER"]
[SourceTitle "EXT 2022"]
[Source "ChessBase"]
[SourceDate "2021.10.06"]
[SourceVersion "1"]
[SourceVersionDate "2021.10.06"]
[SourceQuality "1"]
[WhiteTeam "Niederkassel II"]
[BlackTeam "Bruehl III"]
[WhiteTeamCountry "GER"]
[BlackTeamCountry "GER"]

1. e4 c5 2. Nc3 Nc6 3. Bb5 Nd4 4. Ba4 a6 5. d3 b5 6. Bb3 Bb7 7. Nf3 Nxb3 8. axb3 e6 9. 0-0 Be7 10. e5 d5 11. d4 Rc8 12. Ne2 h5 13. c3 Nh6 14. Bxh6 Rxh6 15. dxc5 Rxc5 16. b4 Rc8 17. Nfd4 g6 18. Qd2 Rh7 19. f4 Qb6 1/2-1/2

[Event "Mittelrhein Verbandsliga Ost 1415"]
[Site "Mittelrhein"]
[Date "2014.09.28"]
[Round "2.7"]
[White "Heidgen, Horst"]
[Black "Kroener, Alexander"]
[Result "0-1"]
[WhiteElo "1778"]
[BlackElo "1907"]
[PlyCount "68"]
[EventDate "2014.09.07"]
[EventType "team-tourn"]
[EventRounds "11"]
[EventCountry "GER"]
[SourceTitle "EXT 2023"]
[Source "ChessBase"]
[SourceDate "2022.10.05"]
[SourceVersion "1"]
[SourceVersionDate "2022.10.05"]
[SourceQuality "1"]
[WhiteTeam "Euskirchen Turm"]
[BlackTeam "Niederkassel II"]
[WhiteTeamCountry "GER"]
[BlackTeamCountry "GER"]

1. e4 d5 2. exd5 Nf6 3. c4 e6 4. Nc3 exd5 5. d4 c6 6. Bg5 Be7 7. Nf3 h6 8. Bh4 0-0 9. Be2 dxc4 10. Bxc4 Nbd7 11. 0-0 Nb6 12. Bb3 Bg4 13. Qd3 Bxf3 14. gxf3 Nfd5 15. Bg3 Bf6 16. Rad1 Re8 17. Kh1 Qd7 18. Rg1 Nxc3 19. bxc3 Nd5 20. c4 Ne7 21. Bf4 Ng6 22. Be3 Rad8 23. Qd2 Qh3 24. Rg3 Qh5 25. Rdg1 Be5 26. f4 Bxd4 27. Bxd4 c5 28. Re1 Rxe1+ 29. Qxe1 cxd4 30. Qe4 Qc5 31. f5 Ne5 32. Qh4 Rd6 33. f6 Ng6 34. Qe4 Rxf6 0-1

[Event "Verbandsliga Mittelrhein-Ost 1213"]
[Site "Germany"]
[Date "2013.02.03"]
[Round "7.5"]
[White "Hild, Detlef"]
[Black "Kroener, Alexander"]
[Result "0-1"]
[WhiteElo "1941"]
[BlackElo "1897"]
[PlyCount "106"]
[EventDate "2012.09.09"]
[EventType "team"]
[EventRounds "11"]
[EventCountry "GER"]
[SourceTitle "EXT 2015"]
[Source "ChessBase"]
[SourceDate "2014.11.20"]
[SourceVersion "1"]
[SourceVersionDate "2014.11.20"]
[SourceQuality "1"]
[WhiteTeam "Siegburg"]
[BlackTeam "Niederkassel II"]
[WhiteTeamCountry "GER"]
[BlackTeamCountry "GER"]

1. Nf3 d5 2. g3 Nc6 3. d4 Bg4 4. Bg2 Qd7 5. h3 Bf5 6. c3 0-0-0 7. b4 f6 8. Qa4 a6 9. Nbd2 Kb8 10. Nb3 Nxd4 11. Qxd7 Nc2+ 12. Kd2 Rxd7 13. Nc5 Rd8 14. Nd4 Nxd4 15. cxd4 e6 16. g4 Bxc5 17. bxc5 Bg6 18. Kc3 Ne7 19. f3 Nc6 20. Rd1 e5 21. e3 exd4+ 22. exd4 Rhe8 23. Bf1 Re7 24. Bd2 Rde8 25. h4 h5 26. Re1 hxg4 27. Rxe7 Rxe7 28. fxg4 Re4 29. h5 Bf7 30. Rb1 Ka7 31. h6 gxh6 32. Bxh6 Rxd4 33. Be2 Re4 34. Bf3 Rc4+ 35. Kd2 Ne5 36. Be2 Ra4 37. Rf1 Rxa2+ 38. Ke3 d4+ 39. Kxd4 Rxe2 40. Rxf6 Nxg4 41. Rxf7 Nxh6 42. Rxc7 Re6 43. Kd5 Rg6 44. Rc8 Nf5 45. Re8 Rc6 46. Re5 Ng7 47. Re7 Ne6 48. Rxe6 Rxe6 49. Kxe6 Kb8 50. Kd6 Kc8 51. Kd5 Kc7 52. Kc4 Kc6 53. Kb4 Kd5 0-1

[Event "Verbandsliga Mittelrhein-Ost 1213"]
[Site "Germany"]
[Date "2013.01.13"]
[Round "6.6"]
[White "Seyl, Frank"]
[Black "Kroener, Alexander"]
[Result "0-1"]
[WhiteElo "1858"]
[BlackElo "1897"]
[PlyCount "120"]
[EventDate "2012.09.09"]
[EventType "team"]
[EventRounds "11"]
[EventCountry "GER"]
[SourceTitle "EXT 2015"]
[Source "ChessBase"]
[SourceDate "2014.11.20"]
[SourceVersion "1"]
[SourceVersionDate "2014.11.20"]
[SourceQuality "1"]
[WhiteTeam "Godesberg V"]
[BlackTeam "Niederkassel II"]
[WhiteTeamCountry "GER"]
[BlackTeamCountry "GER"]

1. d4 Nf6 2. c4 e5 3. dxe5 Ng4 4. e4 Nxe5 5. f4 Ng6 6. Be3 Bb4+ 7. Nc3 Bxc3+ 8. bxc3 Qe7 9. Bd3 d6 10. Nf3 f5 11. e5 dxe5 12. fxe5 Nxe5 13. 0-0 Nxd3 14. Qxd3 0-0 15. Nd4 Na6 16. c5 Nxc5 17. Qc4+ Be6 18. Nxe6 Nxe6 19. Rab1 b6 20. Rfe1 Qf7 21. Rb2 c5 22. Rbe2 Nc7 23. Qh4 Rae8 24. Bf4 Nd5 25. Be5 h6 26. Qa4 Qb7 27. Bd6 b5 28. Qh4 Rxe2 29. Rxe2 Rc8 30. c4 Qd7 31. Bg3 Nf6 32. cxb5 Qxb5 33. Re5 Qb1+ 34. Re1 Qxa2 35. Be5 Ng4 36. Bd6 g5 37. Qg3 Qd5 38. h3 Nf6 39. Be7 Kf7 40. Bxf6 Kxf6 41. Qa3 Rc7 42. Qa6+ Qc6 43. Qc4 Re7 44. Ra1 Re4 45. Qg8 c4 46. Qd8+ Kg6 47. Rd1 Qb6+ 48. Qxb6+ axb6 49. Rd6+ Kh5 50. Rxb6 g4 51. Rb5 Kg5 52. hxg4 Kxg4 53. Kf2 h5 54. Rb8 h4 55. Rg8+ Kf4 56. Rc8 Ke5 57. Rd8 Rd4 58. Re8+ Kd5 59. Rc8 Rd3 60. Rd8+ Kc5 0-1